00755nam a2200169 a 450000100100000000500170001000800410002704000250006808200090009311000310010224501190013326000660025230000300031895201080034895201140045699900150057000000507620200929151555.0090729s1961 dr c 000 0 spa d aDO-SdBNPbspacBNPHU axxxx2 aPartido Dominicano.91458410aResolución y mensaje de la Convención Nacional del Partido Dominicano, celebrada el día 1ro. de julio, 1961. aCiudad Trujillo, República Dominicana :bDominicana,c1961. a89 p. :bretrs. ;c22 cm. 0010718PDaPDbPDcCTd2009-07-29iLF1l0oxxxx p5076-10r2020-06-25w2020-06-25yLFPDZNo se presta 0010718PDaPDbPDcCTd2009-12-10iLF1l0oxxxx p5076-20r2020-06-25te. 2w2020-06-25yLFPDZNo se presta c4880d4880